00543nam a2200145 a 450000100100000000500170001000800410002704000250006810000370009324500600013026000650019030000200025595201050027599900170038000003513920200930074129.0111025s1896 sp 000 0 spa d aDO-SdBNPbspacBNPHU1 aSánchez Seña, Enrique96084013aLa fuente de los milagros. /cEnrique Sánchez Seña. aMadrid :bR, Velasco, Impresor, Marques de Santa Ana,c1896. a36 p. ;c21 cm. 001050718MOaGRbGRcCTd2011-10-25iLF1l0o p35139-10r2020-06-25w2020-06-25y1ZNo se presta c34630d34630